| 000 | 01484cad a22002295a 4500 | ||
|---|---|---|---|
| 001 | L156459 | ||
| 008 | 120523e20120522xxkd f s f000 0 eng d | ||
| 035 | _a(Sirsi) u156459 | ||
| 041 | 0 | _aeng | |
| 110 | 1 |
_aOffice for National Statistics _92210 |
|
| 245 | 0 | 0 |
_aHouse price index _bMarch 2012 _h[electronic resource] |
| 260 |
_aLondon _bDCLG _c2012 |
||
| 490 | 0 |
_aONS House Price Index _vMarch 2012 |
|
| 520 | _aUK house prices decreased by 0.4% since March 2011 and by 0.6% since February 2012. The mix-adjusted average house price was £225 283 in March 2012 (not seasonally adjusted). Annual average house prices fell by 0.3% in England, 0.3% in Scotland, 10.7% in Northern Ireland and increased by 0.4% in Wales. Annual average house prices paid by first time buyers in February were 2.8% higher than a year ago. Average house prices paid by former owner occupiers fell by 1.6%. Annual average house prices paid for new properties in March 2012 were 6.9% higher than a year ago. By comparison average house prices paid on pre-owned dwellings were 0.9% lower. The ONS House Price Index was previously published by Department for Communities and Local Government as the CLG House Price Index. | ||
| 521 | _aAdvanced | ||
| 590 | _aKA NTK | ||
| 650 | 2 | 4 | _aONS HOUSE PRICE INDEX |
| 651 | 4 |
_aUnited Kingdom _y |
|
| 690 |
_aResidential property _96266 |
||
| 856 | 4 | 0 |
_uhttps://www.ons.gov.uk/ons/dcp171778_265371.pdf _zView this item free of charge at www.ons.gov.uk |
| 942 | _n0 | ||
| 999 |
_c114260 _d114260 |
||